MARC

LEADER 00000nam0a2200000 4500
001 309923
005 20231101012743.0
035 |a (RuTPU)RU\TPU\book\335263 
035 |a RU\TPU\book\58246 
090 |a 309923 
100 |a 20151119d1974 m y0rusy50 ca 
101 0 |a rus 
102 |a RU 
105 |a a j 001zy 
200 1 |a Типовые задачи и расчеты в бурении  |e учебное пособие для техникумов  |f И. В. Элияшевский, Я. М. Орсуляк, М. Н. Сторонский 
210 |a Москва  |c Недра  |d 1974 
215 |a 503 с.  |c черт. 
320 |a Библиогр.: с. 497-499. 
610 1 |a бурение 
610 1 |a буровое оборудование 
610 1 |a буровые растворы 
610 1 |a химическая обработка 
610 1 |a аварии 
610 1 |a режимы бурения 
610 1 |a наклонно направленные скважины 
610 1 |a буровые установки 
610 1 |a учебные пособия 
675 |a 622.24(076.1)  |v 3 
700 1 |a Элияшевский  |b И. В.  |g Игорь Васильевич 
701 1 |a Орсуляк  |b Я. М.  |g Ярослав Михайлович 
701 1 |a Сторонский  |b М. Н.  |g Мирон Николаевич 
801 1 |a RU  |b 63413507  |c 20030916  |g PSBO 
801 2 |a RU  |b 63413507  |c 20151119  |g PSBO 
900 |a Бурение и ремонт скважин на нефть и газ 
942 |c BK